00363nam a2200109Ia 4500008004100000041000800041082002900049100001900078245009600097260005100193300000900244230411s9999 xx 000 0 und d aeng aAD/362.173068/YAL/B05731 aYalayyaswamy N aWard Management And Supervision And Professional Adjustments And Trends For Nurses In India bCBS Publishers & DistributorsaNew Delhic2009 a296p